[Event "Rheinhausen-ch 14th"]
[Site "Duisburg Rheinhausen"]
[Date "2010.02.26"]
[Round "5"]
[White "Imbierowicz, Dirk"]
[Black "Sesul, Kolja"]
[Result "1-0"]
[WhiteElo "1401"]
[BlackElo "938"]
[PlyCount "33"]
[EventDate "2010.01.08"]
[EventType "swiss"]
[EventRounds "7"]
[EventCountry "GER"]
[SourceTitle "EXT 2018"]
[Source "ChessBase"]
[SourceDate "2017.10.13"]
[SourceVersion "1"]
[SourceVersionDate "2017.10.13"]
[SourceQuality "1"]

1. e4 e6 2. Nf3 d5 3. exd5 exd5 4. d4 Nf6 5. Nc3 Bd6 6. Bg5 0-0 7. Nxd5 Re8+ 8. Be2 Bg4 9. h3 Bxf3 10. gxf3 c6 11. Nxf6+ gxf6 12. Bh6 Nd7 13. Rg1+ Kh8 14. Bg7+ Kg8 15. Bxf6+ Kf8 16. Bxd8 Raxd8 17. Qd3 1-0

[Event "Rheinhausen-ch 13th"]
[Site "Duisburg Rheinhausen"]
[Date "2009.02.13"]
[Round "4"]
[White "Sesul, Kolja"]
[Black "Doehring, Joachim"]
[Result "0-1"]
[WhiteElo "897"]
[BlackElo "1262"]
[PlyCount "42"]
[EventDate "2009.01.09"]
[EventType "swiss"]
[EventRounds "7"]
[EventCountry "GER"]
[SourceTitle "EXT 2018"]
[Source "ChessBase"]
[SourceDate "2017.10.13"]
[SourceVersion "1"]
[SourceVersionDate "2017.10.13"]
[SourceQuality "1"]

1. e4 e5 2. Nf3 Nc6 3. Bb5 Nf6 4. 0-0 Bc5 5. Nxe5 Nxe4 6. d4 Nxd4 7. Qh5 0-0 8. Bd3 Nf6 9. Bg5 Nxh5 10. Bxd8 Rxd8 11. b4 Bf8 12. c3 d6 13. Nxf7 Kxf7 14. cxd4 h6 15. Nc3 d5 16. Rab1 Nf4 17. Bc2 c6 18. g3 Ne6 19. f4 Nxd4 20. Bd3 Re8 21. h4 Re3 0-1

[Event "Rheinhausen-ch 13th"]
[Site "Duisburg Rheinhausen"]
[Date "2009.01.16"]
[Round "2"]
[White "Steiz, Johann"]
[Black "Sesul, Kolja"]
[Result "1-0"]
[WhiteElo "1468"]
[BlackElo "897"]
[PlyCount "45"]
[EventDate "2009.01.09"]
[EventType "swiss"]
[EventRounds "7"]
[EventCountry "GER"]
[SourceTitle "EXT 2018"]
[Source "ChessBase"]
[SourceDate "2017.10.13"]
[SourceVersion "1"]
[SourceVersionDate "2017.10.13"]
[SourceQuality "1"]

1. e4 b6 2. d4 Bb7 3. Nc3 e6 4. Bc4 Bb4 5. Qf3 Bxc3+ 6. bxc3 d5 7. Bb5+ Bc6 8. c4 dxe4 9. Qxe4 Ne7 10. Bxc6+ Nbxc6 11. Nf3 0-0 12. 0-0 Rc8 13. Ng5 g6 14. Bb2 Nf5 15. Nf3 Qd6 16. d5 Nce7 17. Rad1 exd5 18. cxd5 Rfe8 19. c4 Rcd8 20. g4 Ng7 21. Qd4 Nef5 22. gxf5 gxf5 23. Qxg7# 1-0